| 000 | 01075cam a2200181 4500 | ||
|---|---|---|---|
| 001 | WB3925-09 | ||
| 008 | 030702n2003 000 0 eng u | ||
| 035 | _a(Sirsi) u122855 | ||
| 245 | _aTenant toolkit recommends diverse approach | ||
| 260 | _c2003 | ||
| 490 |
_aInside Housing _v27 June 2003, 13(1) |
||
| 520 | _aJoseph Rowntree Foundation (JRF) research investigating how social landlords resource and regulate tenants' organisations recommends that social landlords should use a range of consultation methods to encourage tenant participation. "Encouraging participation: a toolkit for tenants and landlords" argues that landlords need to be seen as 'fair' for trust to be built and suggests that rules and regulations should be developed independently of both parties. Further information available at www.jrf.org.uk/knowledge/findings/housing/643.asp. Toolkit available from JRF priced £35, t +44 (0)24 7685 1752. | ||
| 590 | _aWB | ||
| 650 | _aREGISTERED SOCIAL LANDLORDS | ||
| 650 | _aTENANT PARTICIPATION | ||
| 690 |
_aAffordable housing _96215 |
||
| 942 | _n0 | ||
| 999 |
_c72979 _d72979 |
||